000 00325cam a22001097a 4500
008 180718b1979 xxu||||| |||| 00| 0 eng d
082 _aA75 R137U
100 _aAgarwal, B.D.
245 _aRajasthan district gazetteers: Udaipur
_cby B.D. Agarwal
260 _aJaipur
_bDirectorate of District Gazetteers
_c1979
300 _a654+p.
999 _c487180
_d487180